000 00922nam a2200241 i 4500
001 81810
003 ES-MaACL
005 20250407063105.0
007 t|
008 041108s1922 fr ||||1| spa d
080 _a656.2(460)
080 _a385/388(262 Gibraltar, Estrecho de)
100 1 _aIbáñez de Ibero, Carlos,
_cMarqués de Mulhacén,
_d1888-1966
_9151481
245 1 4 _aLos medios de comunicación entre España y Marruecos /
_cCarlos Ibáñez de Ibero.
260 _a[París :
_bs.n.],
_c1922 (
_eCahors :
_fImp. Typ. Coueslant)
300 _a18 p. ;
_c24 cm.
594 _aPrecede al tít.: Institut d'Études Hispaniques de l'Université de Paris
650 4 _aFerrocarriles-
_zEspaña.
_912761
651 4 _aGibraltar (Estrecho)-
_xComunicaciones.
_9151486
710 2 _aUniversité de Paris.
_bInstitut d'Etudes Hispaniques.
_97487
852 4 _aES-MaACL
_j1634-F-11
999 _c81810
_d81810